000 01008cam a2200313 a 4500
001 17216500
003 PILC
005 20150601104432.0
008 120319s2012 nyua b 000 0 eng
010 _a 2012009417
020 _a9780071790611 (hbk : alk. paper)
020 _a0071790616 (hbk : alk. paper)
020 _z9780071790628 (ebook)
020 _z0071790624 (ebook)
040 _aDLC
_cDLC
_dDLC
042 _apcc
050 0 0 _aHG 3701
_b.G984 2012
082 0 0 _a332.63
100 1 _aGuthner, Mark.
245 1 0 _aQuantitative analytics in debt valuation and management /
_cMark Guthner.
260 _aNew York :
_bMcGraw-Hill,
_c2012.
300 _axvii, 315 pages :
_billustrations ;
_c24 cm.
500 _aIncludes bibliographical references and index.
650 0 _aCredit analysis.
650 0 _aLoans.
906 _a7
_bcbc
_corignew
_d1
_eecip
_f20
_gy-gencatlg
942 _2lcc
_cBK
_kFOR
999 _c284549
_d284549